[Event "SCO Open 2018"]
[Site "Xingtai"]
[Date "2018.10.14"]
[Round "1"]
[White "Xu, Yi"]
[Black "Li, Bo"]
[Result "1-0"]
[WhiteElo "2636"]
[BlackElo "2326"]
[Annotator "TA"]
[PlyCount "129"]
[EventDate "2018.??.??"]
[EventCountry "CHN"]
[SourceTitle "playchess.com"]
[Source "ChessBase"]
[SourceQuality "1"]

{[%evp 22,128,45,56,45,42,61,19,23,15,50,6,77,52,100,22,88,74,130,111,124,110,117,104,145,151,199,191,202,199,252,225,284,278,260,283,293,289,283,279,289,165,327,323,351,335,12785,12785,12785,12785,8654,6522,6311,6311,6199,6239,5381,5255,6175,6175,5281,2363,12833,12835,12763,2610,29982,29982,29984,29985,29984,29985,29985,29985,29985,29986,29986,29987,29987,29988,29988,29986,29985,29986,29987,29988,29988,29989,29989,29990,29991,29992,29992,29992,29992,29992,29992,29993,29996,29995,29995,29996,29996,29997,29997,29998,29998,29999,29999]} 1. e4 c5 2. Nf3 Nc6 3. Bb5 g6 4. Bxc6 dxc6 5. d3 Bg7 6. h3 Nf6 7. Nc3 O-O 8. Be3 b6 9. Qd2 Re8 10. Bh6 Bh8 {B31: Sizilianisch (Rossolimo-Variante)} 11. e5 Nd5 12. Ne4 {LiveBook: 3 Partien} Bf5 {Weiß steht etwas besser.} (12... f6 13. O-O-O a5 14. g4 a4 15. a3 Be6 16. c4 Nc7 17. Qf4 Bf7 18. h4 Ne6 19. Qe3 Nd4 20. h5 Nxf3 21. Qxf3 Qd4 22. e6 Bxe6 23. hxg6 hxg6 24. Be3 Qe5 25. Bf4 {1-0 (25) Liang,A (2465)-Nyzhnyk,I (2621) Greensboro 2016}) 13. Ng3 Be6 $146 ({Vorgänger:} 13... Qd7 14. O-O Rad8 15. Rad1 f6 16. Rfe1 Be6 17. Qe2 Nc7 18. c4 {1-0 (26) Prokopchuk,E (2514)-Ledger,S (2187) Torquay 2002}) 14. O-O-O Nc7 15. Kb1 Bd5 16. Rhe1 Bxf3 (16... b5 $11) 17. gxf3 $16 Ne6 18. c3 (18. f4 $16) 18... Qd7 (18... f5 $11) 19. h4 {[%cal Bh3h4,Bh4h5][%mdl 32]} Ng7 ({Günstiger ist} 19... f5) 20. Qf4 Ne6 21. Qg4 Nf8 22. Qe4 Qd5 23. Qe3 Rad8 24. h5 c4 {[%cal Rc4d3]} 25. d4 c5 (25... Ne6 $142 26. f4 c5) 26. f4 $18 {[%cal Bf3f4,Bf4f5][%mdl 32]} Ne6 27. f5 cxd4 28. cxd4 Nxd4 29. fxg6 hxg6 30. hxg6 fxg6 {[#]} 31. Ne2 (31. Rd2 $142 $1) 31... Qxe5 $2 (31... Bxe5 32. Nc3 Qf7) 32. Nxd4 Rxd4 33. Rxd4 Qxd4 $2 {[#]} (33... Qxe3 34. fxe3 Bxd4) 34. Qe6+ $1 Kh7 35. Qf7+ Kxh6 36. Rh1+ Kg5 37. Rg1+ Qg4 38. Rxg4+ Kxg4 39. Qxg6+ Kf3 40. Qxe8 {[%mdl 4096] Endspiel} Bf6 41. Qc6+ Kxf2 42. Qxc4 Ke3 43. Qa6 e5 44. Qxa7 {Weiß setzt Matt.} e4 45. Qxb6+ Bd4 46. Qe6 Kd3 47. Qb3+ Kd2 48. Qc4 Ke3 49. Kc2 Be5 50. Kd1 Kf3 51. Qf1+ Ke3 52. Qe2+ Kd4 53. Qb5 Bf4 54. Ke2 Bd6 55. a4 Bf4 56. a5 Bd6 57. a6 Bc5 58. Qc6 e3 59. Qe6 Bb4 60. Qxe3+ Kc4 61. a7 Bc5 62. Qd3+ Kb4 63. a8=Q {[%csl Gb2,Gd3][%cal Ra8a3]} Ba7 64. Qc3+ Kb5 65. Qac6# {Precision: Weiß = 72%, Schwarz = 30%.} 1-0

[Event "SCO Open 2018"]
[Site "Xingtai"]
[Date "2018.10.14"]
[Round "1"]
[White "Zhou, Jianchao"]
[Black "Pang, Tao"]
[Result "1-0"]
[WhiteElo "2625"]
[BlackElo "2336"]
[Annotator "TA"]
[PlyCount "91"]
[EventDate "2018.??.??"]
[EventCountry "CHN"]
[SourceTitle "playchess.com"]
[Source "ChessBase"]
[SourceQuality "1"]

{[%evp 23,91,39,40,16,31,31,26,29,66,66,77,61,92,73,71,34,34,34,72,72,82,88,85,70,73,77,70,78,133,126,166,147,168,168,243,235,253,231,224,223,322,304,610,603,369,342,532,329,1043,452,1000,992,895,815,29979,29980,29979,29979,29978,29979,29975,29976,29989,29990,29990,29990,29990,29991,29995,29996]} 1. d4 d5 2. c4 e6 3. Nc3 Nf6 4. cxd5 exd5 5. Bg5 Be7 6. e3 c6 7. Bd3 Nbd7 {[%cal Bb8d7,Bd7f8,Bf8g6][%mdl 32]} 8. Bf4 {D35: Queen's Gambit Declined: Exchange Variation} (8. Qc2 Nh5 9. Bxe7 Qxe7 10. O-O-O Nb6 11. Kb1 g6 12. Nge2 Be6 13. f3 O-O-O 14. Nc1 Kb8 15. Nb3 Ng7 16. Rhe1 Rhe8 17. Qf2 Qc7 18. Rc1 Ka8 19. h3 Bf5 20. e4 {½-½ (51) Tomashevsky,E (2702)-Braun,A (2581) Biograd 2018}) 8... Nf8 9. h3 Ng6 10. Bg3 Bd6 11. Bxd6 Qxd6 12. Nf3 O-O {LiveBook: 4 Games} 13. Qc2 Bd7 14. O-O Rfe8 15. b4 b5 $146 16. a4 {[%cal Ra4b5]} a6 17. Qb2 Reb8 18. axb5 axb5 19. Ra3 Bc8 20. Rfa1 Bb7 21. Rxa8 Rxa8 22. Rxa8+ Bxa8 23. Qa3 Qb8 24. Bxg6 hxg6 25. Ne5 Kf8 (25... Bb7 $142) 26. Ne2 $16 Ke7 27. Nf4 g5 28. Nfd3 Nd7 (28... Ne4 $142 29. f3 Nd6) 29. Qc1 $18 Qd6 30. Nxd7 Kxd7 31. Qd1 f6 (31... Qe7 {keeps fighting.} 32. Qh5 Bb7) 32. Qh5 Qf8 $2 (32... Qe7 33. Qh8 Bb7) 33. Nc5+ Ke7 34. f4 ({Don't take} 34. Qg4 Kf7 $18) 34... gxf4 (34... Qe8 {might work better.} 35. Qh7 Kf7) 35. exf4 {[%cal Be3f4,Bf4f5][%mdl 32] [#] Black must now prevent f5.} Kd6 $2 (35... Qe8 36. Qh7 Kf7) 36. Qe2 (36. f5 $142 Qe7 37. Ne6) 36... Qf7 (36... Qe7 $142 37. Qf3 Kc7) 37. f5 Kc7 38. Qe6 Qf8 39. Qd7+ {White mates.} Kb6 40. Ne6 Qb8 41. Qxg7 Qd6 42. Qxf6 Qxb4 43. Qd8+ Ka7 44. Qc7+ Bb7 45. Kh2 Qxd4 46. Nxd4 {Precision: White = 76%, Black = 27%.} 1-0

[Event "SCO Open 2018"]
[Site "Xingtai"]
[Date "2018.10.14"]
[Round "1"]
[White "Lalith Babu M R"]
[Black "Wang, Yu A."]
[Result "1-0"]
[WhiteElo "2518"]
[BlackElo "2308"]
[Annotator "TA"]
[PlyCount "95"]
[EventDate "2018.??.??"]
[EventCountry "CHN"]
[SourceTitle "playchess.com"]
[Source "ChessBase"]
[SourceQuality "1"]

{[%evp 15,95,20,32,22,37,21,33,27,26,25,29,12,19,16,7,7,16,7,17,0,0,0,20,9,37,37,29,33,36,36,38,34,56,56,56,54,56,24,51,44,64,64,137,107,164,152,156,172,143,39,190,164,160,153,322,311,312,297,464,473,493,477,458,372,519,517,29979,29980,29980,29981,29981,29982,29981,29982,29986,29987,29987,29988,29988,29989,29989,29990]} 1. Nf3 f5 2. d4 Nf6 3. c4 g6 4. g3 Bg7 5. Bg2 O-O 6. O-O d6 7. Nc3 c6 8. Rb1 a5 9. b3 {A88: Dutch Defence: Leningrad System: 5 Nf3 0-0 6 0-0 d6 7 Nc3 c6} (9. d5 e5 10. dxe6 Bxe6 11. b3 Qe7 12. Bf4 Rd8 13. Qd2 d5 14. cxd5 Nxd5 15. Nxd5 Bxd5 16. Bg5 Bf6 17. Bxf6 Qxf6 {0-1 (70) Sarana,A (2543)-Mamedyarov,S (2791) Sochi 2017}) 9... Qc7 10. d5 Na6 11. Nd4 {[%cal Rd5c6] White is slightly better.} Bd7 12. Bb2 Nc5 13. Rc1 Rae8 $146 ({Predecessor:} 13... e5 14. dxe6 Nxe6 15. Nd5 Qd8 16. Nxe6 Bxe6 17. Nxf6+ Bxf6 18. Bxf6 Rxf6 {1-0 (47) Nakhbayeva,G (2304)-Ankudinova,E (2166) Almaty 2017}) 14. Qd2 e5 15. dxe6 Bxe6 16. Nxe6 Rxe6 17. Rfd1 Rfe8 18. e3 Nfe4 19. Qc2 Nxc3 20. Bxc3 Bxc3 21. Qxc3 Ne4 22. Qc2 Qe7 23. Rd4 Rf8 24. Rcd1 Rff6 25. a3 h5 26. h4 {[%cal Bh2h4,Bh4g5][%mdl 32]} Rf7 27. b4 axb4 28. axb4 g5 (28... Qf6 $14) 29. hxg5 $1 $16 Rg7 (29... Qxg5 $16 {was necessary.} 30. Bxe4 fxe4) 30. f4 $1 $18 {And now Bxe4 would win.} Nxg3 31. Kh2 h4 32. Qd2 ({White should try} 32. Qa2 $1 $16) 32... Rgg6 $2 (32... Rxe3 $14 33. Rxd6 Re2) 33. Re1 Ne4 34. Qe2 c5 $2 (34... Ng3 $16 35. Qd3 Qd7) 35. bxc5 dxc5 36. Rd5 Nc3 (36... Nxg5 $142 37. fxg5 Qxg5 38. Rxc5 b6) 37. Qd3 Nxd5 38. Bxd5 Kh8 39. Bxe6 Rxe6 40. Qxf5 Rxe3 (40... Qd7 $18 41. Qf8+ Kh7) 41. Rxe3 {White mates.} Qxe3 42. Qe5+ $1 Qxe5 43. fxe5 {[%cal Bf4e5,Be5e6,Be6e7][%mdl 32] K3P-K3P} Kg7 {[#]} 44. e6 $1 b5 45. cxb5 {[%cal Bc4b5,Bb5b6,Bb6b7][%mdl 32]} c4 {[#]} 46. e7 $1 Kf7 47. b6 c3 48. b7 {Precision: White = 66%, Black = 29%.} 1-0

[Event "SCO Open 2018"]
[Site "Xingtai"]
[Date "2018.10.14"]
[Round "1"]
[White "Ma, Zhonghan"]
[Black "Karimov, Alisher"]
[Result "0-1"]
[WhiteElo "2496"]
[BlackElo "2182"]
[Annotator "TA"]
[PlyCount "124"]
[EventDate "2018.??.??"]
[EventCountry "CHN"]
[SourceTitle "playchess.com"]
[Source "ChessBase"]
[SourceQuality "1"]

{[%evp 22,124,42,17,52,52,45,51,51,15,70,49,50,-29,-30,-40,-39,-31,-12,-34,-34,-39,-40,-70,-28,-102,-100,-112,-91,-245,-240,-245,-241,-229,-240,-199,-199,-203,-199,-200,-199,-253,-253,-253,-253,-223,-173,-242,-251,-260,-165,-165,-165,-165,-165,-165,-165,-165,-165,-165,-165,-165,-165,-165,-165,-208,-210,-216,-381,-516,-381,-2194,-1859,-29986,-29987,-29988,-29987,-29987,-4133,-4056,-1444,-4131,-3793,-5037,-4133,-2108,-1718,-1563,-1563,-1473,-1466,-29980,-29981,-29980,-29981,-29981,-29982,-29986,-29983,-29983,-29984,-29984,-29980,-29978,-29974]} 1. e4 c5 2. Nf3 e6 3. c3 d5 4. exd5 Qxd5 5. d4 Nf6 6. Be2 cxd4 7. cxd4 Bb4+ 8. Nc3 O-O 9. O-O Qa5 10. Bd3 Nc6 11. Bg5 Be7 12. a3 {LiveBook: 3 Games. B22: Sicilian: 2 c3} Rd8 13. b4 Qc7 14. Rc1 {And now b5 would win.White is slightly better.} a6 15. Re1 $146 ({Predecessor:} 15. Ne4 Qd7 16. Nxf6+ gxf6 17. Bh6 f5 18. Bc4 b5 19. Ba2 Bb7 {1-0 (37) Czebe,A (2494)-Prohaszka,P (2331) Budapest 2005}) 15... Qd6 ({Black should try} 15... h6 $11 16. Be3 Ng4) 16. Ne4 Nxe4 17. Rxe4 (17. Bxe7 $14 Nxe7 18. Bxe4) 17... Bxg5 $11 18. Nxg5 {Black must now prevent Qh5.} h6 19. Nf3 Bd7 20. Qd2 Rac8 21. Rce1 Ne7 {[%cal Bc6e7,Be7f5,Bf5h4,Bh4f3][%mdl 32]} 22. Ne5 Nf5 23. g4 (23. Rf4 $1 $11 {remains equal.}) 23... Nh4 $1 $36 {[%mdl 2048] White is under strong pressure.} (23... Nxd4 $2 24. Rxd4 $1 {[%mdl 512]} Qxd4 25. Bh7+ $1 {[%mdl 512]} Kxh7 26. Qxd4 $18) 24. Qf4 f6 25. Qg3 $2 (25. Nxd7 $17 {keeps fighting.} Rxd7 26. Qe3) 25... g5 $1 $19 (25... fxe5 26. Qxh4 Bc6 27. Rxe5 $15) 26. Nxd7 Qxg3+ (26... Qxd7 27. Rxe6 Qxd4 28. R6e3 $14) (26... Rxd7 27. Kf1 $15) 27. hxg3 Nf3+ 28. Kf1 {aiming for Nc5.} Nxe1 ({Inferior is} 28... Rxd7 29. Rd1 $11) 29. Rxe1 Rxd7 30. Rxe6 {[%mdl 4096] Endgame KRR-KRB} Kf7 31. Rb6 (31. Bf5 {is a better defense.} Rc1+ 32. Ke2) 31... Rc6 32. Rxc6 bxc6 33. Bxa6 {KR-KB} Ra7 ({Much less strong is} 33... Rxd4 34. Ke2) 34. Bc4+ (34. b5 $142) 34... Ke7 35. d5 cxd5 ({But not} 35... Rxa3 36. dxc6 Rc3 37. Be2 $19) 36. Bxd5 Kd6 37. Be4 Rxa3 38. b5 Ra4 39. f3 Rb4 40. Bc6 Rb2 41. Be8 Kc5 42. Bc6 Kd4 43. Kg1 Kd3 44. Kf1 Ke3 45. Kg1 Rb3 46. Kg2 $2 (46. Kf1) 46... Rb1 47. Kh2 {[#]} Kf2 $1 48. f4 Rb4 49. Bd7 gxf4 (49... Rb3 $142 50. fxg5 hxg5 51. Be6 Rxb5 52. Bf7 Rb8 53. Bh5 Rd8 54. Bg6 Rh8+ 55. Bh5 {[#]} f5 $1 {[%mdl 512]} 56. Kh3 Kf3 57. Kh2 fxg4 58. Kh1 Kf2 59. Kh2 Rxh5#) 50. gxf4 Kf3 51. Kh3 Rb2 52. f5 Kf4 53. Bc6 Kg5 54. Kg3 Rb3+ 55. Kf2 Kxg4 56. Bd7 h5 {Black mates.} 57. Ke2 h4 58. Kd2 h3 59. Kc2 h2 60. Kxb3 h1=Q 61. Kc4 Qg1 62. Kd5 Qb6 {Precision: White = 48%, Black = 73%.} 0-1

[Event "SCO Open 2018"]
[Site "Xingtai"]
[Date "2018.10.14"]
[Round "1"]
[White "Lou, Yiping"]
[Black "Bai, Xue"]
[Result "0-1"]
[WhiteElo "2485"]
[BlackElo "2149"]
[Annotator "TA"]
[PlyCount "138"]
[EventDate "2018.??.??"]
[EventCountry "CHN"]
[SourceTitle "playchess.com"]
[Source "ChessBase"]
[SourceQuality "1"]

{[%evp 17,138,47,39,34,38,28,49,47,47,39,47,29,25,26,27,19,30,29,31,27,29,14,30,-24,-27,-96,41,6,18,-8,-3,-17,43,15,31,-25,-25,-66,0,0,0,0,0,0,0,-6,-27,-145,-133,-147,-146,-143,-133,-139,-141,-259,-243,-251,-240,-235,-214,-258,-258,-404,-405,-357,-193,-409,-403,-388,-369,-365,-250,-299,-217,-483,-483,-772,-627,-627,-437,-484,-469,-402,-283,-29987,-29988,-29996,-29981,-29981,-29982,-29982,0,-29981,-5085,-29982,-5081,-1400,-744,-735,-659,-712,-704,-639,-625,-593,-593,-592,-577,-544,-514,-770,-756,-747,-734,-992,-954,-4570,-4570,-4570,-4570,-4570,-4570]} 1. e4 e5 2. Nf3 Nc6 3. Bc4 Bc5 4. c3 Nf6 5. d3 d6 6. O-O O-O 7. Bg5 Be6 8. Nbd2 Qe7 9. b4 Bb6 10. a4 {Droht a5 und aus. C54: Italienische Partie (Hauptvariante)} a6 11. Bd5 (11. Re1 h6 12. Bh4 g5 13. Bg3 Nd7 14. Qb3 {1-0 (34) Borisek,J (2569)-Moradiabadi,E (2598) Tromsoe 2014}) 11... Nd8 $146 ({Vorgänger:} 11... Bxd5 12. exd5 Nd8 13. Ne4 h6 14. Nxf6+ gxf6 15. Bxh6 Re8 16. Nh4 Ne6 17. Nf5 {1-0 (17) Vasek,R (1670)-Jesensky,J Marianske Lazne 2007}) 12. Nc4 {Weiß steht etwas besser.} Ba7 13. Ne3 c6 14. Bb3 Bxb3 15. Qxb3 Qe6 16. Qc2 Bxe3 17. Bxe3 Ng4 18. Bb6 f5 19. h3 Nh6 20. Rfe1 ({Lieber} 20. Qe2) 20... fxe4 $11 21. dxe4 {[#]} (21. Ng5 $11 {bleibt in der Remisbreite.} Qg6 22. Bxd8 (22. Nxe4 Ne6 $15) 22... exd3 23. Qa2+ Kh8 24. Qe6 (24. Be7 Rfe8 $17) 24... Rfxd8 25. Qxg6 hxg6 26. Rad1) 21... Qg6 ({Besser ist} 21... Rxf3 $1 $17 22. gxf3 Qxh3) 22. Re3 (22. Bxd8 $5 Rxf3 23. Kh1 $11) 22... Ne6 23. Rd1 Nf4 {[%csl Gf4][%cal Rg6g2]} 24. Ne1 Qe6 (24... d5 $11) 25. c4 Rf6 26. Rg3 (26. Nd3 $14) 26... d5 27. Nf3 {Schwarz muss nun Sg5 beachten.} d4 (27... Nf7 $1 $15) 28. Nxe5 $1 Qxe5 29. Bxd4 Qh5 30. Bxf6 Ne2+ {[%cal Bf4e2,Be2g3,Bg3e4][%mdl 32]} 31. Kh2 Nxg3 32. Bb2 {[#]} (32. Bxg7 $1 $11 Kxg7 33. Rd7+ (33. fxg3 Ng4+ 34. Kg1 Nf6 $17) 33... Kg8 34. Qc3 Ng4+ 35. Kxg3) 32... Nxe4 $1 $17 {[%mdl 512]} 33. Rd7 (33. Qxe4 Qxd1) 33... Ng4+ 34. Kg1 {[#]} Ngf6 $1 {[%cal Rf6d7]} ({Doch nicht} 34... Ngxf2 $6 35. c5 $11) 35. Rxb7 Rd8 {...Td1+ ist eine echte Drohung.} 36. Rxg7+ (36. Bxf6 $17 Nxf6 37. Qb3) 36... Kxg7 $19 37. Qxe4 {Droht stark De7+.} Qd1+ 38. Kh2 {Und De7+ würde nun gewinnen.} Qd6+ 39. g3 Kf7 40. Qf5 (40. Bxf6 {kämpft weiter.} Qxf6 41. Qxh7+ Kf8 42. Kg2) 40... Qe6 41. Qf4 Ke7 (41... Rd3 $142 42. c5 Rb3 43. Bxf6 Qxf6 44. Qc4+ Qe6) 42. b5 $2 (42. Qg5 {ist wohl besser.} Kf7 43. Be5) 42... axb5 43. cxb5 cxb5 44. axb5 Rd7 45. Bd4 Kf7 46. Qh4 $2 (46. g4 Kg6 47. b6) 46... Qf5 47. b6 (47. Be3 $142 Qxb5 48. Qf4) 47... Ne4 48. Be3 h5 49. g4 Qe5+ 50. Kg2 Nf6 51. Kf1 $2 (51. g5 $19 Nd5 52. Qxh5+ Kg8 53. Qf3) 51... Qe4 52. Qg3 Rd1+ 53. Ke2 Qc2+ 54. Kf3 Qe4+ 55. Ke2 Qd3+ 56. Kf3 Qd5+ (56... hxg4+ $142 57. hxg4 Qe4+ 58. Ke2 Ra1 59. Qc7+ Kg6 60. Qc3 Ra2+ 61. Qd2 Qc4+ 62. Ke1 Ra1+ 63. Qd1 Qb4+ 64. Ke2 Qxg4+ 65. f3 Qg2+ 66. Bf2 Rxd1 67. Kxd1 Qxf2 68. Kc1 Nd5 69. f4 Nxb6 70. f5+ Kxf5 71. Kb1 Nc4 72. Kc1 Ke5 73. Kd1 Qd2#) 57. Ke2 {Schwarz steht klar auf Gewinn.} Rh1 {[%csl Gh1][%cal Rd5d1]} 58. Qc7+ Nd7 {[%csl Gh1][%cal Rd5d1]} 59. Qc2 Qb5+ 60. Kd2 Qb4+ 61. Ke2 Qe1+ 62. Kd3 Qd1+ 63. Qxd1 Rxd1+ 64. Ke4 hxg4 65. hxg4 Rb1 66. f4 Nxb6 67. f5 Rb4+ 68. Bd4 Nc8 69. Ke5 Ne7 {Precision: Weiß = 30%, Schwarz = 62%.} 0-1

[Event "SCO Open 2018"]
[Site "Xingtai"]
[Date "2018.10.14"]
[Round "1"]
[White "Xiao, Yiyi"]
[Black "Zvjaginsev, Vadim"]
[Result "0-1"]
[WhiteElo "2346"]
[BlackElo "2644"]
[Annotator "TA"]
[PlyCount "80"]
[EventDate "2018.??.??"]
[EventCountry "CHN"]
[SourceTitle "playchess.com"]
[Source "ChessBase"]
[SourceQuality "1"]

{[%evp 17,80,8,18,16,23,3,0,6,9,-78,-33,-76,-59,-144,-132,-178,-177,-177,-186,-172,-172,-172,-155,-164,-154,-173,-150,-193,-148,-233,-179,-186,-187,-175,-167,-185,-148,-183,-125,-120,-120,-123,-117,-122,-112,-134,-131,-127,-120,-110,-117,-188,-183,-195,-177,-235,-215,-227,-201,-221,-219,-445,-441,-569,-572]} 1. Nf3 d6 2. d4 Nf6 3. g3 g6 4. Bg2 Bg7 5. O-O O-O 6. c4 Bf5 7. Nc3 Ne4 8. Nd5 {E60: King's Indian: Unusual lines and Fianchetto Variation without Nc3} (8. Bd2 Nc6 9. Nxe4 Bxe4 10. Bc3 d5 11. Qb3 dxc4 12. Qxc4 Qd7 13. Rfd1 Rfd8 14. d5 Bxd5 15. Qh4 Qf5 16. Rxd5 Rxd5 {½-½ (69) Mamedyarov,S (2746)-Caruana,F (2804) Shamkir 2016}) 8... c6 9. Ne3 Be6 {LiveBook: 5 Games} 10. Qd3 $146 {The position is equal.} ({Predecessor:} 10. b3 d5 11. Bb2 a5 12. Qc2 a4 13. Ba3 Nd7 14. Rfd1 f5 15. cxd5 cxd5 16. bxa4 {0-1 (31) Cheparinov,I (2689)-Bortnyk,O (2581) Doha 2016}) 10... d5 11. Ne5 f6 12. Nf3 Na6 13. c5 (13. a3 $11 {keeps the balance.}) 13... Bf7 14. Ne1 e5 {[%cal Be7e5,Be5d4][%mdl 32]} 15. Ng4 (15. N3c2 $1 $15) 15... exd4 16. Bh6 Be6 $36 {[%mdl 2048] Black is in control.} 17. Bxg7 Kxg7 18. h3 h5 19. Nh2 Naxc5 20. Qxd4 Qb6 {Strongly threatening ...Nb3.} 21. Nc2 Rae8 22. e3 Bc8 23. Rfd1 (23. Nf3 $17) 23... Ng5 24. h4 Nh3+ 25. Bxh3 Bxh3 26. b4 Na4 27. Rac1 Qxd4 (27... Re4 $19 28. Qa1 Rc4) 28. Nxd4 $17 Nb2 29. Rd2 Nc4 30. Rdc2 a5 31. bxa5 Nxa5 32. Nhf3 Bd7 33. Nd2 b6 34. N2b3 {[#]} (34. N4b3 $17) 34... Nc4 $1 $19 35. Nd2 Ne5 36. Rc3 (36. Nxc6 {might work better.} Nxc6 37. Rxc6 Bxc6 38. Rxc6) 36... c5 37. Ne2 Re6 38. Nf4 Rd6 39. Rd1 $2 {[#]} (39. Ra3) 39... d4 40. exd4 Rxd4 {Precision: White = 25%, Black = 59%.} 0-1

[Event "SCO Open 2018"]
[Site "Xingtai"]
[Date "2018.10.14"]
[Round "1"]
[White "Xu, Minghui"]
[Black "Oparin, Grigoriy"]
[Result "1/2-1/2"]
[WhiteElo "2335"]
[BlackElo "2624"]
[Annotator "RC"]
[PlyCount "60"]
[EventDate "2018.??.??"]
[EventCountry "CHN"]
[SourceTitle "playchess.com"]
[Source "ChessBase"]
[SourceQuality "1"]

1. d4 Nf6 2. c4 e6 3. Nc3 Bb4 4. Qc2 d6 5. Nf3 O-O 6. g3 b6 7. Bg2 Bb7 8. O-O Bxc3 9. Qxc3 a5 10. Bg5 Nbd7 11. Rfe1 h6 12. Bxf6 Nxf6 13. Rad1 Qe8 14. Nd2 Bxg2 15. Kxg2 b5 16. e4 bxc4 17. Qxc4 Qb8 18. b3 Qb4 19. d5 exd5 20. exd5 Rfe8 21. Rxe8+ Rxe8 22. Qxc7 Qg4 23. Nf3 Re2 24. Rd2 Rxd2 25. Nxd2 Qe2 26. Qc8+ Kh7 27. Qf5+ Kg8 28. Qc8+ Kh7 29. Qf5+ Kg8 30. Qc8+ Kh7 1/2-1/2

[Event "SCO Open 2018"]
[Site "Xingtai"]
[Date "2018.10.14"]
[Round "1"]
[White "Zhao, Chenxi"]
[Black "Tan, Zhongyi"]
[Result "1/2-1/2"]
[WhiteElo "2323"]
[BlackElo "2527"]
[Annotator "TA"]
[PlyCount "89"]
[EventDate "2018.??.??"]
[EventCountry "CHN"]
[SourceTitle "playchess.com"]
[Source "ChessBase"]
[SourceQuality "1"]

{[%evp 23,89,33,33,12,101,87,102,-52,-57,-46,-49,-48,-15,-13,0,-11,0,0,0,-57,-57,-57,-57,-57,-57,-57,-57,-52,-54,-54,-46,-55,-22,-39,-28,-27,-28,-35,0,0,15,8,16,21,19,8,108,91,98,0,0,0,0,0,0,0,0,0,0,0,0,0,0,0,0,0,0,0]} 1. e4 c5 2. Nf3 e6 3. d4 cxd4 4. Nxd4 Nf6 5. Nc3 d6 6. g3 Nc6 7. Bg2 Bd7 8. O-O a6 9. Re1 Qc7 10. Nxc6 bxc6 11. e5 {B80: Sicilian Scheveningen: 6 g3 and 6 Be3, including English Attack} dxe5 12. Qe2 Bd6 {LiveBook: 3 Games} 13. Bg5 {White is slightly better.} (13. b3 Nd5 14. Bb2 O-O 15. Na4 Rab8 16. c4 Nb6 17. c5 Nxa4 18. cxd6 Qb6 19. Bxe5 {½-½ (41) Safarli,E (2668)-Gelashvili,T (2563) Minsk 2017}) 13... Nd5 $146 (13... h6 $11 {keeps the balance.} 14. Bxf6 gxf6) ({Predecessor:} 13... h6 14. Bxf6 gxf6 15. Ne4 Be7 16. Qc4 Rb8 17. b4 Qb6 18. Red1 Qxb4 {½-½ (63) Akhmetov,A (2382)-Carneiro,V (2263) Kocaeli 2013}) 14. Ne4 $16 f6 15. c4 $2 {[#]} ({White should play} 15. Bd2 $16) 15... fxg5 $15 16. cxd5 exd5 17. Qh5+ g6 (17... Kf8 $5 {[%cal Rd5e4]} 18. Nxd6 (18. Nxg5 g6 $17) 18... Qxd6 $15) 18. Nxd6+ Qxd6 19. Qxg5 O-O 20. Rxe5 Rae8 21. Rae1 (21. Rxe8 $11 Rxe8 22. Qd2) 21... h6 $1 {[%cal Rh6g5]} 22. Qe3 $1 Rxe5 23. Qxe5 Qxe5 24. Rxe5 {[%mdl 4096] Endgame KRB-KRB} Kf7 25. f4 Rb8 26. Re2 Rb4 27. Kf2 Rc4 28. Bf3 g5 29. fxg5 hxg5 30. b3 Rb4 31. Bh5+ Kf8 32. Re5 g4 33. Ke3 a5 34. Kd3 a4 (34... Rb7 $11) 35. Kc3 $16 Rb7 36. Rg5 (36. bxa4 $16 Rb1 37. Bg6) 36... axb3 $11 {The position is equal.} 37. axb3 d4+ 38. Kxd4 {And now Kc3 would win.} Rxb3 39. Ke5 Rb2 40. Kd6 Rd2+ 41. Kc7 Be6 42. Bxg4 Bxg4 43. Rxg4 {Black must now prevent h4.} Rxh2 44. Kxc6 Rd2 45. Rf4+ {Precision: White = 54%, Black = 52%.} 1/2-1/2

[Event "SCO Open 2018"]
[Site "Xingtai"]
[Date "2018.10.14"]
[Round "1"]
[White "Gu, Tianlu"]
[Black "Liu, Yan"]
[Result "1/2-1/2"]
[WhiteElo "2242"]
[BlackElo "2506"]
[Annotator "TA"]
[PlyCount "105"]
[EventDate "2018.??.??"]
[EventCountry "CHN"]
[SourceTitle "playchess.com"]
[Source "ChessBase"]
[SourceQuality "1"]

{[%evp 18,105,27,38,37,41,33,11,21,29,52,56,59,53,54,41,47,39,74,72,93,93,93,90,92,90,97,64,92,92,86,61,117,94,172,175,174,187,185,185,165,165,164,170,225,215,224,217,283,240,247,254,246,239,242,195,209,212,206,160,170,133,206,197,178,160,160,160,169,67,155,126,118,74,90,74,74,74,75,70,70,70,70,70,78,0,81,26,51,0]} 1. e4 c5 2. Nf3 d6 3. d4 cxd4 4. Nxd4 Nf6 5. Nc3 a6 6. g3 e5 7. Nde2 Be7 8. Bg2 Nbd7 9. a4 b6 {B91: Sizilianisch (Najdorf-Variante mit 6.g3)} 10. Nd5 {LiveBook: 14 Partien} Bb7 (10... Nxd5 11. Qxd5 Rb8 12. Nc3 O-O 13. O-O Bb7 14. Qd1 Rc8 15. Re1 h6 16. Bh3 Rc6 17. Bxh6 gxh6 18. Qg4+ Bg5 19. Qxd7 Qxd7 20. Bxd7 Rc7 21. Bf5 {1-0 (33) Giri,A (2773)-Nepomniachtchi,I (2767) Wijk aan Zee 2017 CBM 177 [Szabo,Kr]}) 11. Nec3 Rc8 $146 ({Vorgänger:} 11... O-O 12. O-O Rc8 13. Be3 Nxd5 14. Nxd5 Bxd5 15. Qxd5 Rxc2 16. Qd3 Qc7 17. b4 {½-½ (73) Berelowitsch,A (2522)-Dambacher,M (2476) Germany 2017}) 12. O-O Nxd5 13. Nxd5 Nf6 14. Nxf6+ Bxf6 15. Be3 O-O 16. c3 Rc6 17. Qd3 Qc7 18. Rfc1 Qd8 19. b4 Rc8 20. Bh3 $36 {[%mdl 2048] Weiss bestimmt, wo es lang geht.} Ra8 21. a5 bxa5 22. Rxa5 Qc7 23. c4 {[%cal Bc3c4,Bc4b5][%mdl 32]} Be7 24. Rca1 Bd8 (24... Rfb8 $14) 25. R5a2 Qc6 {[#]} (25... Be7 $16 {war angesagt.}) 26. b5 $1 $18 {[%cal Rb5c6]} axb5 27. cxb5 Rxa2 28. Rxa2 Qxe4 29. Qxe4 Bxe4 30. b6 Bxb6 (30... Re8 {war einen Versuch wert.} 31. Bg2 Bxg2 32. Kxg2 f6) 31. Bxb6 Rb8 {[#]} 32. Bg2 $1 {[%cal Rg2e4]} Bf5 33. h3 Be6 34. Ra1 Rc8 35. Bb7 Re8 36. Kg2 d5 37. Ra5 d4 38. Bd5 ({Jedoch nicht} 38. Rxe5 $6 Bxh3+ 39. Kxh3 Rxe5 $16) 38... f6 39. g4 Kf7 (39... Bxd5+ $16 40. Rxd5 Kf7) 40. Ra7+ Kg8 41. Bxe6+ Rxe6 {[%mdl 4096] Endspiel KTL-KT} 42. Ba5 Rc6 43. Rc7 ({Günstiger ist} 43. Kf3 $18) 43... Ra6 (43... Rxc7 $14 44. Bxc7 Kf7) 44. Rc5 g5 45. Kf3 Kf7 46. Ke4 {Droht Kf5 und aus.} Kg6 47. Kd5 h5 48. f3 hxg4 49. hxg4 Ra8 50. Ke4 Ra6 51. Kd5 Ra8 $1 52. Kc6 (52. Rb5 $16) 52... Rh8 53. Kd5 {Precision: Weiß = 54%, Schwarz = 46%.} ({Lieber} 53. Rc2 $14) 1/2-1/2